000 00687nam a2200265Ia 4500
005 20260306163609.0
008 008 260114s9999 xx 000 0 eng d
020 _a9780691201245
037 _aEBOOK
040 _aCRL
040 _beng
040 _cCRL
041 _2eng
041 _aeng
084 _qCRL
100 _aEl Shamsy
_91128962
245 0 _aRediscovering The Islamic Classics: How Editors And Print Culture Transformed An Intellectual Tradition
260 _bPrinceton University Press
260 _c2020
650 _aSocial Work
856 _uhttps://academic.oup.com/book/41338
942 _cEBOOK
999 _c1710740
_d1710740